000 00740nam a22002417a 4500
999 _c1026
_d1026
003 AR-CdUCM
008 190226b ||||| |||| 00| 0 spa d
040 _aMUNICIPALIDAD PROVINCIAL DEL CUSCO
_cBIBLIOTECA MUNICIPAL DEL CUSCO
082 _22da /
_a935 /
_bM86
100 _aMorán, Pablo
_93991
245 _aBobby Fisher :
_bSu vida y partidas /
260 _aEspaña :
_bEdiciones Martinez Rica, S. A. ;
_c1972.
300 _a255 páginas
_bcódigos, tablas
_c20cm
440 _aColección Escaques
_93992
505 _aAjedrez
650 _aajedrez
_93993
650 _apartidas
_93994
650 _atécnicas
_9975
650 _apartidas
_93995
650 _aguía
_93996
942 _2ddc
_cLIBROS
945 _anom
_d2019-02-26